<?xml version="1.0" encoding="UTF-8"?>
<collection xmlns="http://www.loc.gov/MARC21/slim">
 <record>
  <leader>01860aam a22002418a 4500</leader>
  <controlfield tag="001">NCT_20466</controlfield>
  <controlfield tag="008">160713s2016                  ||||||viesd</controlfield>
  <datafield tag="999" ind1=" " ind2=" ">
   <subfield code="c">971</subfield>
   <subfield code="d">971</subfield>
  </datafield>
  <datafield tag="020" ind1=" " ind2=" ">
   <subfield code="c">75000</subfield>
  </datafield>
  <datafield tag="082" ind1="0" ind2="4">
   <subfield code="2">23rd ed.</subfield>
   <subfield code="a">658.15</subfield>
   <subfield code="b">B312</subfield>
  </datafield>
  <datafield tag="245" ind1="0" ind2="0">
   <subfield code="a">Toán tài chính ứng dụng :</subfield>
   <subfield code="b">Tóm tắt cơ sở lý thuyết, bài toán ứng dụng - lời giải, bài tập - đáp số, hướng dẫn Excel</subfield>
   <subfield code="c">Nguyễn Tấn Bình (biên soạn)</subfield>
  </datafield>
  <datafield tag="260" ind1=" " ind2=" ">
   <subfield code="a">H.</subfield>
   <subfield code="b">Thống kê</subfield>
   <subfield code="c">2010</subfield>
  </datafield>
  <datafield tag="300" ind1=" " ind2=" ">
   <subfield code="a">369 tr.</subfield>
   <subfield code="c">24 cm</subfield>
  </datafield>
  <datafield tag="520" ind1="3" ind2=" ">
   <subfield code="a">Sách gồm 8 chương trình bày những công cụ toán học hết sức cơ bản trong lĩnh vực toán tài chính nhằm phục vụ cho các tính toán chung. Trong mỗi chương đều có giới thiệu cơ sở lý thuyết, bài toán ứng dụng, bài tập và hướng dẫn sử dụng Excel.</subfield>
  </datafield>
  <datafield tag="653" ind1=" " ind2=" ">
   <subfield code="a">Tài chính - Ngân hàng</subfield>
  </datafield>
  <datafield tag="700" ind1="1" ind2=" ">
   <subfield code="a">Nguyễn Tấn Bình</subfield>
  </datafield>
  <datafield tag="942" ind1=" " ind2=" ">
   <subfield code="2">ddc</subfield>
   <subfield code="c">BK</subfield>
  </datafield>
  <datafield tag="952" ind1=" " ind2=" ">
   <subfield code="0">0</subfield>
   <subfield code="1">0</subfield>
   <subfield code="2">ddc</subfield>
   <subfield code="4">0</subfield>
   <subfield code="6">658_150000000000000_B312</subfield>
   <subfield code="7">0</subfield>
   <subfield code="9">5883</subfield>
   <subfield code="a">000001</subfield>
   <subfield code="b">000001</subfield>
   <subfield code="d">2018-01-04</subfield>
   <subfield code="o">658.15 B312</subfield>
   <subfield code="p">MD.06212</subfield>
   <subfield code="r">2018-01-04</subfield>
   <subfield code="v">75000.00</subfield>
   <subfield code="w">2018-01-04</subfield>
   <subfield code="y">BK</subfield>
  </datafield>
  <datafield tag="952" ind1=" " ind2=" ">
   <subfield code="0">0</subfield>
   <subfield code="1">0</subfield>
   <subfield code="2">ddc</subfield>
   <subfield code="4">0</subfield>
   <subfield code="6">658_150000000000000_B312</subfield>
   <subfield code="7">0</subfield>
   <subfield code="9">5884</subfield>
   <subfield code="a">000001</subfield>
   <subfield code="b">000001</subfield>
   <subfield code="d">2018-01-04</subfield>
   <subfield code="o">658.15 B312</subfield>
   <subfield code="p">MD.06213</subfield>
   <subfield code="r">2018-01-04</subfield>
   <subfield code="v">75000.00</subfield>
   <subfield code="w">2018-01-04</subfield>
   <subfield code="y">BK</subfield>
  </datafield>
  <datafield tag="952" ind1=" " ind2=" ">
   <subfield code="0">0</subfield>
   <subfield code="1">0</subfield>
   <subfield code="2">ddc</subfield>
   <subfield code="4">0</subfield>
   <subfield code="6">658_150000000000000_B312</subfield>
   <subfield code="7">0</subfield>
   <subfield code="9">5885</subfield>
   <subfield code="a">000001</subfield>
   <subfield code="b">000001</subfield>
   <subfield code="d">2018-01-04</subfield>
   <subfield code="l">1</subfield>
   <subfield code="o">658.15 B312</subfield>
   <subfield code="p">MD.06214</subfield>
   <subfield code="r">2019-09-27</subfield>
   <subfield code="s">2019-09-19</subfield>
   <subfield code="v">75000.00</subfield>
   <subfield code="w">2018-01-04</subfield>
   <subfield code="y">BK</subfield>
  </datafield>
  <datafield tag="952" ind1=" " ind2=" ">
   <subfield code="0">0</subfield>
   <subfield code="1">0</subfield>
   <subfield code="2">ddc</subfield>
   <subfield code="4">0</subfield>
   <subfield code="6">658_150000000000000_B312</subfield>
   <subfield code="7">0</subfield>
   <subfield code="9">5886</subfield>
   <subfield code="a">000001</subfield>
   <subfield code="b">000001</subfield>
   <subfield code="d">2018-01-04</subfield>
   <subfield code="o">658.15 B312</subfield>
   <subfield code="p">MD.06215</subfield>
   <subfield code="r">2018-01-04</subfield>
   <subfield code="v">75000.00</subfield>
   <subfield code="w">2018-01-04</subfield>
   <subfield code="y">BK</subfield>
  </datafield>
  <datafield tag="952" ind1=" " ind2=" ">
   <subfield code="0">0</subfield>
   <subfield code="1">0</subfield>
   <subfield code="2">ddc</subfield>
   <subfield code="4">0</subfield>
   <subfield code="6">658_150000000000000_B312</subfield>
   <subfield code="7">0</subfield>
   <subfield code="9">5887</subfield>
   <subfield code="a">000001</subfield>
   <subfield code="b">000001</subfield>
   <subfield code="d">2018-01-04</subfield>
   <subfield code="o">658.15 B312</subfield>
   <subfield code="p">MD.06216</subfield>
   <subfield code="r">2018-01-04</subfield>
   <subfield code="v">75000.00</subfield>
   <subfield code="w">2018-01-04</subfield>
   <subfield code="y">BK</subfield>
  </datafield>
  <datafield tag="980" ind1=" " ind2=" ">
   <subfield code="a">Thư viện Trường Đại học Nam Cần Thơ</subfield>
  </datafield>
 </record>
</collection>
